| 000 | 00000nam 2200000zi 4500 |
| 001 | 9.937694 |
| 003 | CaOODSP |
| 005 | 20250107144059 |
| 006 | m o d f |
| 007 | cr mn||||||||| |
| 008 | 240502e202406 oncbd obs f000 0 eng d |
| 020 | |a9780660717364 |
| 040 | |aCaOODSP|beng|erda|cCaOODSP |
| 043 | |an-cn--- |
| 086 | 1 |aHP40-287/2024E-PDF |
| 245 | 00|aEpidemiological summary report : |b2022-2023 mpox outbreak in Canada. |
| 264 | 1|aOttawa, ON : |bPublic Health Agency of Canada = Agence de la santé publique du Canada, |cJune 2024. |
| 264 | 4|c©2024 |
| 300 | |a1 online resource (iii, 11 pages) : |bgraphs, map |
| 336 | |atext|btxt|2rdacontent |
| 337 | |acomputer|bc|2rdamedia |
| 338 | |aonline resource|bcr|2rdacarrier |
| 500 | |aCover title. |
| 500 | |aIssued also in French under title: Rapport sommaire épidémiologique : éclosion de la mpox au Canada en 2022-2023. |
| 500 | |a"Pub.: 240143." |
| 504 | |aIncludes bibliographical references (page 11). |
| 650 | 0|aMpox (Disease)|zCanada|vStatistics. |
| 655 | 7|aStatistics|2lcgft |
| 710 | 2 |aPublic Health Agency of Canada, |eissuing body. |
| 775 | 08|tRapport sommaire épidémiologique : |w(CaOODSP)9.937695 |
| 856 | 40|qPDF|s579 KB|uhttps://publications.gc.ca/collections/collection_2024/aspc-phac/HP40-287-2024-eng.pdf |
| 856 | 4 |qHTML|sN/A|uhttps://www.canada.ca/en/public-health/services/publications/diseases-conditions/epidemiological-summary-report-2022-23-mpox-outbreak-canada.html |